000 00590nam a2200133Ia 4500
008 220615s9999||||xx |||||||||||||| ||und||
020 _a9782890000000
245 0 _aTSH Receptor and Autoimmunity
546 _aEnglish[eng]
650 _athyroid||TSH receptor||TSH receptor autoantibodies||Graves’ disease||Autoimmunity||small molecules||TSH||Animal Models
700 _aAkamizu, Takashi||Hoon Chung, Jae||Giuliani, Cesidio||Latif, Rauf||Napolitano, Giorgio||Neumann, Susanne
856 _uhttps://www.frontiersin.org/research-topics/4723/tsh-receptor-and-autoimmunity
942 _cEB
999 _c11780
_d11780